000 00473nam a22001457a 4500
005 20250811155844.0
008 250811b |||||||| |||| 00| 0 eng d
050 _aHD 30. 36 .G87 2012
_bC. 1
100 _aGUPTA, PREM KUMAR
245 _aINTRODU TO OPERATIONS RESEARCH
_bFOR STUDENTS OF COMMERCE, MANAGEMENT, ACCOUNTANCY AND ECONOMICS
260 _aNEW DELHI
_bS. CHAND & COMPANY LTD
_c2012
300 _aXII, 1195 P., ILL:
500 _aINCLUDES INDEX
942 _2lcc
_cBK
999 _c216015
_d216015